Kinship: (Record no. 24274)

000 -LEADER
fixed length control field 00356nam a22001331a 4500
020 ## - INTERNATIONAL STANDARD BOOK NUMBER
International Standard Book Number 9788170208013
082 ## - DEWEY DECIMAL CLASSIFICATION NUMBER
Classification number 306.83
Item number CHA/K
245 ## - TITLE STATEMENT
Title Kinship:
Remainder of title contemporary perspective/
Statement of responsibility, etc. by Channa S M (ed.)
260 ## - PUBLICATION, DISTRIBUTION, ETC.
Place of publication, distribution, etc. New Delhi:
Name of publisher, distributor, etc. Cosmo,
Date of publication, distribution, etc. 1998.
300 ## - PHYSICAL DESCRIPTION
Extent 281p.
650 ## - SUBJECT ADDED ENTRY--TOPICAL TERM
Topical term or geographic name entry element Kinship South India
9 (RLIN) 117934
650 ## - SUBJECT ADDED ENTRY--TOPICAL TERM
Topical term or geographic name entry element Social Sciences
9 (RLIN) 117935
942 ## - ADDED ENTRY ELEMENTS (KOHA)
Koha item type Book
Holdings
Withdrawn status Lost status Damaged status Not for loan Permanent Location Current Location Date acquired Cost, normal purchase price Total Checkouts Full call number Barcode Date last seen Date last checked out Cost, replacement price Price effective from Koha item type
        Sree Sankaracharya University of Sanskrit Sree Sankaracharya University of Sanskrit 08.01.2015 970.00 1 306.83 CHA/K 018606 08.02.2016 19.10.2015 0.00 08.01.2015 Book